Hardest Star Wars Trivia - Statistics

General Stats
  • This quiz has been taken 1,981 times
  • The average score is 7 of 13
Answer Stats
Hint Answer % Correct
On which planet did Obi Wan Kenobi utter the phrase: "You were destined to destroy the sith, not join them!" mustafar
90%
What color eyes did bounty hunter Cad Bane have red
89%
what was Chancellor Palpatine's given (or first) name Sheev
79%
what was the name of Obi wan Kenobi's astromech droid in Revenge of the Sith R4- P17
72%
In star wars a new hope one of the deleted scenes contained Aunt Beru pooring herself a glass of which beverage blue milk
67%
what was the alien species of Admiral Ackbar Mon Calamari
66%
Which sith lord invented the "rule of two" darth bane
64%
What is the homeworld of the hutt species Nal Hutta
45%
What was the species of Jedi Padawan Ahsoka Tano and Jedi Master Shaak ti togruta
40%
Master Yoda's last word before he died was: Skywalker
33%
Who was the vice chancellor to Palpatine in the galactic republic Mas Amedda
26%
Which Planet was home to Hondo's band of pirates Florum
22%
What was the homeworld of jedi Master Mace Windu Haruun Kal
10%
No matching quizzes found
Score Distribution
Percent of People with Each Score
Percentile by Number Answered
Your Score History
You have not taken this quiz